000 00454cam a2200181ua 4500
020 _c10.00
041 _aeng
_h
082 _a536.7
_bCRA/EX
100 _aCrawford, W R .
245 _aExamples in thermodynamics problems /
_cW R Crawford.
_hTextual Documents
250 _a1 /
_b.
260 _aLondon :
_bSir Isaac Pitman & Sons Ltd ,
_c1960.
300 _a165 ; .
365 _a10.00
504 _a
942 _cBK
999 _c9074
_d9074